Online Catalogue and eLibrary

An evil under the sun : (Record no. 2883)

MARC details
000 -LEADER
fixed length control field 00441nam a2200157Ia 4500
005 - DATE AND TIME OF LATEST TRANSACTION
control field 20240604062047.0
008 - FIXED-LENGTH DATA ELEMENTS--GENERAL INFORMATION
fixed length control field 240331s9999 xx 000 0 und d
082 ## - DDC Classification
Item Number - Author Mark ANE
Class No. 362
100 ## - MAIN ENTRY--PERSONAL NAME
Personal name Seneviratne, M.
245 #3 - TITLE STATEMENT
Title An evil under the sun :
Remainder of title the sexual exploitation of children in Sri Lanka
260 ## - PUBLICATION, DISTRIBUTION, ETC.
Place of publication, distribution, etc. Mt.Lavinia
Name of publisher, distributor, etc. PEACE Campaign
Date of publication, distribution, etc. 1995
300 ## - PHYSICAL DESCRIPTION
Extent (e.g. Volumes, Pages etc.) 147 p.,
650 ## - SUBJECT ADDED ENTRY--TOPICAL TERM
Topical term or geographic name entry element Sexual Expliotation
700 ## - ADDED ENTRY--PERSONAL NAME
Personal name Seneviratne, M.
942 ## - Koha item type (Biblio)
Koha item type Books in Stacks (Lending)
Holdings
Lost status Damaged status Collection code Home library Current library Shelving location Date acquired Full call number Accession Number Item type
    Lending WERC Library WERC Library Social Science Cupboard 03/31/2024 362.76 ANE 4682 Books in Stacks (Lending)

© WERC Library